Study skills : (Record no. 105219)
[ view plain ]
| 000 -LEADER | |
|---|---|
| fixed length control field | 00648nam a2200217 a 4500 |
| 005 - DATE AND TIME OF LATEST TRANSACTION | |
| control field | 20140412111347.0 |
| 008 - FIXED-LENGTH DATA ELEMENTS--GENERAL INFORMATION | |
| fixed length control field | 041110s19uu xx 00 eng d |
| 020 ## - INTERNATIONAL STANDARD BOOK NUMBER | |
| International Standard Book Number | 0-88309-651-x |
| 050 ## - LIBRARY OF CONGRESS CALL NUMBER | |
| Classification number | M 025.5 |
| Item number | R61 1991 |
| 100 ## - MAIN ENTRY--PERSONAL NAME | |
| Personal name | Rodgers, Molly |
| 245 ## - TITLE STATEMENT | |
| Title | Study skills : |
| Remainder of title | Using books and libraries / |
| Statement of responsibility, etc | Molly Rodgers. |
| 260 ## - PUBLICATION, DISTRIBUTION, ETC. (IMPRINT) | |
| Place of publication, distribution, etc | Ohio : |
| Name of publisher, distributor, etc | ELP, |
| Date of publication, distribution, etc | 1991. |
| 300 ## - PHYSICAL DESCRIPTION | |
| Extent | 96 |
| 520 ## - SUMMARY, ETC. | |
| Summary, etc | Dictionary skills--Parts of the book--Kinds of books--Library skills |
| 650 ## - SUBJECT ADDED ENTRY--TOPICAL TERM | |
| Topical term or geographic name as entry element | Library instruction--Juvenile literature |
| 650 ## - SUBJECT ADDED ENTRY--TOPICAL TERM | |
| Topical term or geographic name as entry element | Library skills-- Juvenile literature |
| Withdrawn status | Lost status | Damaged status | Home library | Current library | Shelving location | Date acquired | Source of acquisition | Total Checkouts | Full call number | Barcode | Date last seen | Price effective from | Koha item type |
|---|---|---|---|---|---|---|---|---|---|---|---|---|---|
| Elizalde Library | Elizalde Library | Main Section | 11/10/2004 | M 025.5 R61 1991 | E9638 | 04/12/2014 | 04/12/2014 | Books | |||||
| Elizalde Library | Elizalde Library | Main Section | 11/10/2004 | M 025.5 R61 1991 | E9639 | 04/12/2014 | 04/12/2014 | Books | |||||
| Elizalde Library | Elizalde Library | Main Section | 11/10/2004 | M 025.5 R61 1991 | E9640 | 04/12/2014 | 04/12/2014 | Books | |||||
| Elizalde Library | Elizalde Library | Main Section | 11/10/2004 | M 025.5 R61 1991 | E9641 | 04/12/2014 | 04/12/2014 | Books |